Where do they come from? - Manchester City 22/23 - Statistics

General Stats
  • This quiz has been taken 296 times
    195 since last reset
  • The average score is 15 of 21
Answer Stats
# Player Signed from Year % Correct
9 Erling Haaland Borussia Dortmund 2022
96%
2 Kyle Walker Tottenham Hotspur 2017
96%
10 Jack Grealish Aston Villa 2021
94%
3 Rúben Dias Benfica 2020
94%
8 İlkay Gündoğan Borussia Dortmund 2016
90%
17 Kevin De Bruyne VfL Wolfsburg 2015
88%
16 Rodri Atlético Madrid 2019
86%
4 Kalvin Phillips Leeds United 2022
86%
26 Riyad Mahrez Leicester City 2018
85%
25 Manuel Akanji Borussia Dortmund 2022
84%
20 Bernardo Silva AS Monaco 2017
83%
19 Julián Álvarez River Plate 2022
78%
6 Nathan Aké Bournemouth 2020
76%
31 Ederson Benfica 2017
75%
5 John Stones Everton 2016
73%
14 Aymeric Laporte Athletic Bilbao 2018
70%
22 Benjamin Mendy AS Monaco 2017
63%
18 Stefan Ortega Arminia Bielefeld 2022
31%
21 Sergio Gómez Anderlecht 2022
26%
33 Scott Carson Derby County 2021
26%
32 Máximo Perrone Vélez Sarsfield 2023
7%
No matching quizzes found
Score Distribution
Percent of People with Each Score
Percentile by Number Answered
Your Score History
You have not taken this quiz since the last reset